000 00761nam a2200241 i 4500
001 66409
003 ES-MaACL
005 20251010143626.0
007 t|
008 040213s2002 sp ||||1| spa d
020 _a84-398-4289-9
080 _a94(460.185)"18"
245 0 0 _aValladolid en el siglo XIX /
_cCelso Almuiña Fernández...[et al.].
260 _aValladolid :
_bAteneo de Valladolid,
_c1985.
300 _a630 p. :
_bil. ;
_c22 cm.
490 1 _aHistoria de Valladolid ;
_v6
651 4 _aValladolid-
_xHistoria-
_yS. XIX.
_99507
700 1 _aAlmuiña, Celso,
_d1943-
_920165
710 2 _aAteneo de Valladolid.
_92031
830 0 _aHistoria de Valladolid ;
_v6
_9182993
852 _aES-MaACL
_jL-26820
_bR.132449
999 _c66409
_d66409